La question de l'uniformité internationale des monnaies, considérée au point de vue historique / (Record no. 190268)

MARC details
000 -LEADER
campo de control de longitud fija 00692nam a2200181 i 4500
001 - NÚMERO DE CONTROL
campo de control 190268
003 - IDENTIFICADOR DE NÚMERO DE CONTROL
campo de control ES-MaACL
005 - FECHA Y HORA DE LA ÚLTIMA TRANSACCIÓN
campo de control 20251011063205.0
008 - DATOS DE LONGITUD FIJA--INFORMACIÓN GENERAL
campo de control de longitud fija 201006s1869 ne |||| | spa d
100 1# - ENTRADA PRINCIPAL--NOMBRE DE PERSONA
Nombre de persona Nahuys, Maurin Théodore Corneille Florent Napoléon,
Títulos y otros términos asociados al nombre Comte,
Fechas asociadas al nombre 1832-1895
9 (RLIN) 170379
245 13 - MENCIÓN DEL TÍTULO
Título La question de l'uniformité internationale des monnaies, considérée au point de vue historique /
Mención de responsabilidad, etc. M.N.
260 ## - PUBLICACIÓN, DISTRIBUCIÓN, ETC.
Lugar de publicación, distribución, etc. Utrecht :
Nombre del editor, distribuidor, etc. Kemink et Fils,
Fecha de publicación, distribución, etc. 1869.
300 ## - DESCRIPCIÓN FÍSICA
Extensión 62 p. ;
Dimensiones cm.
500 ## - NOTA GENERAL
Nota general Separata: Revue de la numismatique belge. Série 5. - T. 1.
650 04 - PUNTO DE ACCESO ADICIONAL DE MATERIA--TÉRMINO DE MATERIA
Término de materia o nombre geográfico como elemento de entrada Sistema monetario internacional.
9 (RLIN) 17132
852 ## - LOCALIZACIÓN
Ubicación ES-MaACL
Número de control de estantería T-1284-F-2
Holdings
Estatus retirado Estado de pérdida Estado de daño No para préstamo Colección Biblioteca de origen Biblioteca actual Ubicación en estantería Fecha de adquisición Total de préstamos Signatura topográfica completa Código de barras Visto por última vez Precio de reemplazo Tipo de ítem Koha
        Colección de folletos Biblioteca del Ateneo de Madrid Biblioteca del Ateneo de Madrid Depósito folletos 10/06/2005   T-1284-F-2 1202116 23/02/2023 23/02/2023 Folleto